Normal view
MARC view
- الشعر العربي-العصر المملوكي-تاريخ ونقد- عائشة الباعونية
Entry Topical Term
001 - CONTROL NUMBER
- control field: 59566
003 - CONTROL NUMBER IDENTIFIER
- control field: JO-AjAnu
005 - DATE AND TIME OF LATEST TRANSACTION
- control field: 20230606083735.0
008 - FIXED-LENGTH DATA ELEMENTS
- fixed length control field: 230606|| aca||aabn | a|a d
040 ## - CATALOGING SOURCE
- Original cataloging agency: JO-AjAnu
- Transcribing agency: JO-AjAnu
150 ## - HEADING--TOPICAL TERM
- Topical term or geographic name entry element: الشعر العربي-العصر المملوكي-تاريخ ونقد- عائشة الباعونية
670 ## - SOURCE DATA FOUND
- Source citation: Work cat.: (JO-AjAnu)30379: تحقيق الربابعة، حسن محمد, author 59565, فيض الفضل وجمع الشمل: دراسة في ديوان شعر للشاعرة عائشة الباعونية(866-923هـ)